000 00722nmm a2200217Ia 4500
008 251105s9999||||xx |||||||||||||||||und||
020 _a9788490643709
041 _aspa
100 _aPié Balaguer, Asun
245 0 _aDiversidad(eS) :
_b Discapacidad, altas capacidades intelectuales y trastornos del espectro autista
264 _a[Madrid, España] :
_bUniversitat Oberta de Catalunya,
_c2014
300 _a260 páginas
650 _aEducation
700 _aPié Balaguer, Asun
700 1 _a Duch Almo, Ramon
700 1 _a Martínez Torres, Mercedes
700 1 _a Miró Rovira, Rosa Maria
700 1 _a Rodríguez Giralt, Israel
856 _uhttps://public.digitaliapublishing.com/a/36932
942 _cCF
999 _c70026
_d70026